<?xml version="1.0" encoding="UTF-8"?>
<collection xmlns="http://www.loc.gov/MARC21/slim">
 <record>
  <leader>01094nam a22001691  4500</leader>
  <controlfield tag="001">1/15495</controlfield>
  <controlfield tag="008">990316s1992    gr            0  1  gre d</controlfield>
  <datafield tag="020" ind1=" " ind2=" ">
   <subfield code="a">9608522900</subfield>
  </datafield>
  <datafield tag="035" ind1=" " ind2=" ">
   <subfield code="l">15993</subfield>
  </datafield>
  <datafield tag="040" ind1=" " ind2=" ">
   <subfield code="a">GR-PeUP</subfield>
  </datafield>
  <datafield tag="090" ind1=" " ind2=" ">
   <subfield code="a">709.495 ΠΛ</subfield>
  </datafield>
  <datafield tag="111" ind1="2" ind2=" ">
   <subfield code="a">Συνέδριο Εικαστικών Τεχνών</subfield>
   <subfield code="n">(2ο</subfield>
   <subfield code="d">1990</subfield>
   <subfield code="c">Αθήνα. Πάντειο Πανεπιστήμιο Κοινωνικών &amp; Πολιτικών Επιστημών)</subfield>
  </datafield>
  <datafield tag="245" ind1="1" ind2="0">
   <subfield code="a">Πλαίσια και παράγοντες που επιδρούν στη διαμόρφωση της τέχνης στην Ελλάδα :</subfield>
   <subfield code="b">πρακτικά Β' Συνεδρίου Εικαστικών Τεχνών /</subfield>
   <subfield code="c">επιμέλεια έκδοσης Ιωάννα Ομορφοπούλου</subfield>
  </datafield>
  <datafield tag="260" ind1=" " ind2=" ">
   <subfield code="a">Αθήνα :</subfield>
   <subfield code="b">Επιμελητήριο Εικαστικών Τεχνών Ελλάδος,</subfield>
   <subfield code="c">1992</subfield>
  </datafield>
  <datafield tag="300" ind1=" " ind2=" ">
   <subfield code="a">527 σ. :</subfield>
   <subfield code="b">εικ. ;</subfield>
   <subfield code="c">30 εκ.</subfield>
  </datafield>
  <datafield tag="650" ind1=" " ind2="4">
   <subfield code="a">Τέχνη</subfield>
   <subfield code="x">Φιλοσοφία</subfield>
   <subfield code="z">Ελλάδα</subfield>
   <subfield code="x">Συνέδρια.</subfield>
  </datafield>
  <datafield tag="852" ind1=" " ind2=" ">
   <subfield code="a">INST</subfield>
   <subfield code="b">UNIPILB</subfield>
   <subfield code="c">MAIN</subfield>
   <subfield code="e">20040709</subfield>
   <subfield code="h">709.495 ΠΛ</subfield>
   <subfield code="p">00140029</subfield>
   <subfield code="q">00140029</subfield>
   <subfield code="t">LOAN</subfield>
   <subfield code="y">0</subfield>
   <subfield code="4">1</subfield>
  </datafield>
 </record>
</collection>
